Algebra 2: State standards curriculum companion /
Đã lưu trong:
| Príomhúdar: | |
|---|---|
| Údair Eile: | , , , |
| Formáid: | Leabhar |
| Teanga: | English |
| Foilsithe: |
U.S.A :
Houghton Mifflin Harcourt,
2010
|
| Ábhair: | |
| Clibeanna: |
Cuir Clib Leis
Gan Chlibeanna, Bí ar an gcéad duine leis an taifead seo a chlibeáil!
|
| Thư viện lưu trữ: | Thư viện Trường CĐ Kỹ Thuật Cao Thắng |
|---|
| LEADER | 00804nam a2200265 a 4500 | ||
|---|---|---|---|
| 001 | TVCDKTCT88355 | ||
| 003 | TVCĐKTCT | ||
| 005 | 20161206103940.1 | ||
| 008 | 161206syyyy vn | ||
| 980 | \ | \ | |a Thư viện Trường CĐ Kỹ Thuật Cao Thắng |
| 024 | |a RG_1 #1 eb0 i1 | ||
| 020 | # | # | |a 9781547618234 |
| 041 | 0 | # | |a eng |
| 082 | # | # | |a 512 |b A103G |
| 100 | 1 | # | |a Burger, Edward B. |
| 245 | 1 | 0 | |a Algebra 2: State standards curriculum companion / |c Edward B. Burger, David J. Chard, Paul A. Kennedy |
| 260 | # | # | |a U.S.A : |b Houghton Mifflin Harcourt, |c 2010 |
| 300 | |a 120tr. ; |c 29cm | ||
| 541 | # | # | |a Tặng |
| 650 | # | 4 | |a Algebra |
| 700 | # | # | |a Bert K. Waits |
| 700 | # | # | |a Freddie L. Renfro |
| 700 | # | # | |a Steven J. Leinwand |
| 700 | # | # | |a Tom W. Roby |
| 841 | # | # | |b Kho Sách |j 100048473 |